Mensaje (Record no. 184838)
[ view plain ]
| 000 -LEADER | |
|---|---|
| campo de control de longitud fija | 01109nam a2200277 i 4500 |
| 001 - NÚMERO DE CONTROL | |
| campo de control | 184838 |
| 003 - IDENTIFICADOR DE NÚMERO DE CONTROL | |
| campo de control | ES-MaACL |
| 005 - FECHA Y HORA DE LA ÚLTIMA TRANSACCIÓN | |
| campo de control | 20240426111133.0 |
| 008 - DATOS DE LONGITUD FIJA--INFORMACIÓN GENERAL | |
| campo de control de longitud fija | 160203s1997 sp |||| |dspa d |
| 020 ## - NÚMERO INTERNACIONAL ESTÁNDAR DEL LIBRO | |
| Número Internacional Estándar del Libro | 84-7517-518-X |
| 080 ## - NÚMERO DE LA CLASIFICACIÓN DECIMAL UNIVERSAL | |
| Número de la Clasificación Decimal Universal | 821.134.3-14"19" |
| 100 1# - ENTRADA PRINCIPAL--NOMBRE DE PERSONA | |
| Nombre de persona | Pessoa, Fernando, |
| Fechas asociadas al nombre | 1888-1935 |
| 9 (RLIN) | 91451 |
| 245 10 - MENCIÓN DEL TÍTULO | |
| Título | Mensaje |
| Resto del título | = Mensagem / |
| Mención de responsabilidad, etc. | Fernando Pessoa ; presentación de Eduardo Lourenço ; versión española de Jesús Munárriz. |
| 246 31 - FORMA VARIANTE DEL TITULO | |
| Título propio/Titulo breve | Mensagem |
| 250 ## - MENCION DE EDICION | |
| Mención de edición | ed. bilingüe, seguida de un apéndice histórico |
| Resto de la mención de edición | 1ª ed. |
| 260 ## - PUBLICACIÓN, DISTRIBUCIÓN, ETC. | |
| Lugar de publicación, distribución, etc. | Madrid : |
| Nombre del editor, distribuidor, etc. | Hiperión, |
| Fecha de publicación, distribución, etc. | 1997. |
| 300 ## - DESCRIPCIÓN FÍSICA | |
| Extensión | 183 p. ; |
| Dimensiones | 20 cm. |
| 490 1# - MENCIÓN DE SERIE | |
| Mención de serie | Poesía Hiperión. Traducciones ; |
| Designación de volumen o secuencia | 314 |
| 505 8# - NOTA DE CONTENIDO CON FORMATO | |
| Nota de contenido con formato | Contiene: ; |
| Título | Brasâo = Blasón ; |
| -- | Mar português = Mar portugués ; |
| -- | O encoberto = El encubierto |
| 546 ## - NOTA DE IDIOMA | |
| Nota de lengua/lenguaje | Texto en portugués y traducción en español. |
| 700 1# - ENTRADA AGREGADA--NOMBRE PERSONAL | |
| Nombre de persona | Lourenço, Eduardo. |
| 9 (RLIN) | 158668 |
| 700 1# - ENTRADA AGREGADA--NOMBRE PERSONAL | |
| Nombre de persona | Munárriz, Jesús. |
| 9 (RLIN) | 84170 |
| 830 0# - PUNTO DE ACCESO ADICIONAL DE SERIE-TÍTULO UNIFORME | |
| Título uniforme | Poesía Hiperión. Traducciones ; |
| Designación de volumen o secuencia | 314 |
| 9 (RLIN) | 225139 |
| 852 ## - LOCALIZACIÓN | |
| Ubicación | ES-MaACL |
| Número de control de estantería | L-30197 |
| Nota libre | . - Donat. Miguel A. Velasco |
| Estatus retirado | Estado de pérdida | Estado de daño | No para préstamo | Biblioteca de origen | Biblioteca actual | Ubicación en estantería | Fecha de adquisición | Fuente de adquisición | Total de préstamos | Signatura topográfica completa | Código de barras | Visto por última vez | Precio de reemplazo | Tipo de ítem Koha |
|---|---|---|---|---|---|---|---|---|---|---|---|---|---|---|
| Biblioteca del Ateneo de Madrid | Biblioteca del Ateneo de Madrid | Depósito 2 | 03/02/2016 | L-30197 | 1194666 | 23/02/2023 | 23/02/2023 | Libro impreso |
